[Event "Vecindario Montalvo Memorial 17th"]
[Site "Vecindario"]
[Date "2025.04.19"]
[Round "8"]
[White "Rodriguez Melian, Jose Luis"]
[Black "Marrero Rodriguez, Jorge"]
[Result "0-1"]
[WhiteElo "2029"]
[BlackElo "2251"]
[PlyCount "138"]
[EventDate "2025.04.12"]
[EventType "swiss"]
[EventRounds "9"]
[EventCountry "ESP"]
[SourceTitle "CB17_2025"]
[SourceDate "2025.04.23"]
[SourceVersion "1"]
[SourceVersionDate "2025.04.23"]
[SourceQuality "1"]

1. d4 d5 2. c4 e6 3. Nf3 Nf6 4. Qc2 dxc4 5. Qxc4 a6 6. Bf4 Bd6 7. Bxd6 cxd6 8. e3 0-0 9. Be2 b5 10. Qc2 Bb7 11. 0-0 Nbd7 12. Nbd2 Rc8 13. Qb1 e5 14. Rc1 Qa5 15. Nb3 Qb6 16. Rxc8 Rxc8 17. Qd1 a5 18. Rc1 Rxc1 19. Qxc1 g6 20. dxe5 dxe5 21. Qc3 b4 22. Qc2 Kg7 23. Nbd2 Bd5 24. Bc4 Qc7 25. b3 Nb6 26. Qb2 Bxc4 27. Nxc4 Nxc4 28. bxc4 Nd7 29. g3 f6 30. Qd2 Nb6 31. h4 Nxc4 32. Qd5 Nd6 33. h5 Nf7 34. hxg6 hxg6 35. Nh4 Qb6 36. Qa8 f5 37. Qe8 Qd8 38. Qe6 Qd6 39. Qe8 Qd1+ 40. Kg2 Qd5+ 41. Kg1 Qxa2 42. Qc6 Qb1+ 43. Kh2 f4 44. gxf4 g5 45. fxg5 Nxg5 46. Qd7+ Kh6 47. Nf5+ Kh5 48. Ng3+ Kg6 49. e4 Qc1 50. Qf5+ Kh6 51. Qf6+ Kh7 52. Qe7+ Kg6 53. Qe8+ Kh7 54. Qh5+ Kg8 55. Qg6+ Kf8 56. Qd6+ Kf7 57. Qd7+ Kf8 58. Qf5+ Nf7 59. Qd7 b3 60. Nf5 Qf4+ 61. Kg1 Qg5+ 62. Kf1 b2 63. Qc8+ Qd8 64. Qc5+ Kg8 65. Qc2 Qb8 66. Qb1 a4 67. Ke2 Qb5+ 68. Kf3 Qb3+ 69. Ne3 Kf8 0-1

[Event "Vecindario Montalvo Memorial 17th"]
[Site "Vecindario"]
[Date "2025.04.17"]
[Round "6"]
[White "Marrero Rodriguez, Jorge"]
[Black "Fernandez Hernandez, Javier"]
[Result "1-0"]
[WhiteElo "2251"]
[BlackElo "1689"]
[PlyCount "39"]
[EventDate "2025.04.12"]
[EventType "swiss"]
[EventRounds "9"]
[EventCountry "ESP"]
[SourceTitle "CB17_2025"]
[SourceDate "2025.04.23"]
[SourceVersion "1"]
[SourceVersionDate "2025.04.23"]
[SourceQuality "1"]

1. d4 d5 2. c4 e6 3. Nc3 Nf6 4. Bg5 c6 5. e3 Nbd7 6. Bd3 dxc4 7. Bxc4 b5 8. Bb3 a6 9. f4 Qb6 10. Nf3 Bb7 11. 0-0 c5 12. Kh1 cxd4 13. exd4 Bd6 14. d5 0-0-0 15. dxe6 fxe6 16. Bxe6 Kb8 17. Nd5 Nxd5 18. Bxd8 Ne3 19. Bxb6 Nxd1 20. Bxd7 1-0

[Event "Vega de San Mateo op 2nd"]
[Site "Vega de San Mateo"]
[Date "2024.12.01"]
[Round "3"]
[White "Marrero Rodriguez, Jorge"]
[Black "Monteiro Rodrigues, Carlos"]
[Result "1-0"]
[WhiteElo "2189"]
[BlackElo "1579"]
[PlyCount "35"]
[EventDate "2024.11.30"]
[EventType "swiss"]
[EventRounds "9"]
[EventCountry "ESP"]
[SourceTitle "CB50_2024"]
[SourceDate "2024.11.01"]
[SourceVersion "1"]
[SourceVersionDate "2024.11.01"]
[SourceQuality "2"]

1. d4 d5 2. c4 Nf6 3. cxd5 Nxd5 4. e4 Nf6 5. Nc3 e6 6. Be3 c6 7. Bd3 Nbd7 8. Nf3 Be7 9. 0-0 Qc7 10. Qd2 Qa5 11. a3 Qh5 12. Ne2 e5 13. Ng3 Qg4 14. dxe5 Nh5 15. Nf5 Bc5 16. Bg5 0-0 17. h3 Bxf2+ 18. Qxf2 1-0

[Event "Vecindario rapid op 2nd"]
[Site "Vecindario"]
[Date "2024.11.02"]
[Round "6"]
[White "Tytynnik, Artem"]
[Black "Marrero Rodriguez, Jorge"]
[Result "0-1"]
[WhiteElo "2161"]
[BlackElo "2059"]
[PlyCount "111"]
[EventDate "2024.11.01"]
[EventType "swiss"]
[EventRounds "9"]
[EventCountry "ESP"]
[SourceTitle "CB45_2024"]
[Source "ChessBase"]
[SourceDate "2024.11.06"]
[SourceVersion "1"]
[SourceVersionDate "2024.11.06"]
[SourceQuality "1"]

1. d4 d5 2. c4 e6 3. Nf3 Nf6 4. g3 dxc4 5. Qa4+ Nbd7 6. Qxc4 a6 7. a4 b5 8. Qc6 Rb8 9. Bf4 Bb4+ 10. Nbd2 Nd5 11. Bg5 Be7 12. Bxe7 Qxe7 13. axb5 axb5 14. Ra8 Rxa8 15. Qxa8 0-0 16. Bg2 Qb4 17. 0-0 Qxb2 18. Rb1 Qc2 19. Rxb5 Nc3 20. Ra5 Nxe2+ 21. Kh1 Nxd4 22. Ra2 Qd1+ 23. Nf1 Nxf3 24. Ra1 Qd5 25. Bxf3 Qxa8 26. Rxa8 Ne5 27. Bg2 Bd7 28. Ra7 Rc8 29. Ne3 Bc6 30. f4 Bxg2+ 31. Kxg2 Nc6 32. Ra6 Nd4 33. Nc4 Kf8 34. Ne5 f6 35. Nd7+ Ke7 36. Nc5 Rb8 37. Kf2 Rb2+ 38. Ke3 Nf5+ 39. Kd3 Rb6 40. Ra7 Kd6 41. Ne4+ Kc6 42. Ra8 Nd6 43. Nc3 Rb2 44. Ne2 e5 45. fxe5 fxe5 46. Rg8 e4+ 47. Ke3 Kd5 48. Nc3+ Ke5 49. Ne2 Nf5+ 50. Kf2 Nd4 51. Re8+ Kf5 52. g4+ Kg6 53. Rxe4 Rxe2+ 54. Rxe2 Nxe2 55. Kxe2 Kg5 56. h4+ 0-1

[Event "Vecindario rapid op 2nd"]
[Site "Vecindario"]
[Date "2024.11.01"]
[Round "5"]
[White "Marrero Rodriguez, Jorge"]
[Black "Fernandez Hernandez, Javier"]
[Result "1-0"]
[WhiteElo "2059"]
[BlackElo "1696"]
[PlyCount "57"]
[EventDate "2024.11.01"]
[EventType "swiss"]
[EventRounds "9"]
[EventCountry "ESP"]
[SourceTitle "CB45_2024"]
[Source "ChessBase"]
[SourceDate "2024.11.06"]
[SourceVersion "1"]
[SourceVersionDate "2024.11.06"]
[SourceQuality "1"]

1. d4 Nf6 2. c4 e6 3. Nf3 d5 4. Nc3 c6 5. e3 Nbd7 6. Qc2 a6 7. b3 b6 8. Bd3 Bb7 9. 0-0 Bd6 10. Bb2 0-0 11. Rad1 e5 12. cxd5 cxd5 13. e4 Rc8 14. Qe2 dxe4 15. Nxe4 Nxe4 16. Bxe4 Bxe4 17. Qxe4 Nf6 18. Qe2 e4 19. Ne5 Re8 20. Qxa6 Rc2 21. Bc1 Qe7 22. Rd2 Rxd2 23. Bxd2 Nd5 24. Nc4 Bc7 25. Qb5 Qe6 26. Ne3 Nf4 27. g3 Ne2+ 28. Qxe2 f5 29. Qc4 1-0

[Event "Vecindario rapid op 2nd"]
[Site "Vecindario"]
[Date "2024.11.01"]
[Round "3"]
[White "Marrero Rodriguez, Jorge"]
[Black "Hernando Rodrigo, Jose Maria"]
[Result "1-0"]
[WhiteElo "2059"]
[BlackElo "2289"]
[PlyCount "71"]
[EventDate "2024.11.01"]
[EventType "swiss"]
[EventRounds "9"]
[EventCountry "ESP"]
[SourceTitle "CB45_2024"]
[Source "ChessBase"]
[SourceDate "2024.11.06"]
[SourceVersion "1"]
[SourceVersionDate "2024.11.06"]
[SourceQuality "1"]

1. d4 d5 2. c4 e6 3. Nc3 Nf6 4. Bg5 Bb4 5. Qa4+ Nc6 6. e3 h6 7. Bh4 Bd7 8. Qc2 0-0 9. Bd3 Be7 10. a3 dxc4 11. Bxc4 e5 12. 0-0-0 exd4 13. exd4 a6 14. Ba2 b5 15. Bb1 g6 16. Nf3 Nh5 17. Bxe7 Nxe7 18. Ba2 a5 19. Ne5 Bf5 20. Qd2 b4 21. Ne2 Nf6 22. Qxh6 bxa3 23. h4 axb2+ 24. Kxb2 Rb8+ 25. Ka1 Ng4 26. Nxg4 Bxg4 27. f3 Be6 28. h5 Nf5 29. Qd2 Bxa2 30. Qxa2 Qf6 31. hxg6 c5 32. gxf7+ Rxf7 33. Rb1 cxd4 34. Rxb8+ Kg7 35. Nf4 d3+ 36. Qb2 1-0

[Event "Vecindario rapid op 2nd"]
[Site "Vecindario"]
[Date "2024.11.01"]
[Round "1"]
[White "Marrero Rodriguez, Jorge"]
[Black "Mamani Mamani, Daniel"]
[Result "1-0"]
[WhiteElo "2059"]
[BlackElo "1557"]
[PlyCount "57"]
[EventDate "2024.11.01"]
[EventType "swiss"]
[EventRounds "9"]
[EventCountry "ESP"]
[SourceTitle "CB45_2024"]
[Source "ChessBase"]
[SourceDate "2024.11.06"]
[SourceVersion "1"]
[SourceVersionDate "2024.11.06"]
[SourceQuality "1"]

1. d4 d5 2. c4 c6 3. Nc3 Nf6 4. e3 Bf5 5. f3 e6 6. g4 Bg6 7. h4 h6 8. Qb3 Qc8 9. Nh3 Bd6 10. Bd2 Bg3+ 11. Kd1 Bd6 12. Nf4 Bh7 13. g5 hxg5 14. hxg5 Bc2+ 15. Kxc2 Rxh1 16. gxf6 gxf6 17. cxd5 Bxf4 18. exf4 exd5 19. Qb4 Kd7 20. Bd3 Rh5 21. Rh1 Rxh1 22. Bf5+ Kc7 23. Bxc8 Kxc8 24. Qf8+ Kc7 25. Qxf7+ Kb6 26. Na4+ Ka6 27. Nc5+ Kb5 28. Qxb7+ Kc4 29. Qb4# 1-0

[Event "Galdar op"]
[Site "Galdar"]
[Date "2024.09.03"]
[Round "2"]
[White "Marrero Rodriguez, Jorge"]
[Black "Fromm, Marius"]
[Result "1-0"]
[WhiteElo "2169"]
[BlackElo "2477"]
[PlyCount "81"]
[EventDate "2024.09.02"]
[EventType "swiss"]
[EventRounds "9"]
[EventCountry "ESP"]
[SourceTitle "EXT 2025"]
[Source "ChessBase"]
[SourceDate "2024.10.14"]
[SourceVersion "1"]
[SourceVersionDate "2024.10.14"]
[SourceQuality "1"]

1. d4 d5 2. c4 Nc6 3. cxd5 Qxd5 4. e3 e5 5. Nc3 Bb4 6. Bd2 Bxc3 7. Bxc3 exd4 8. Ne2 Nf6 9. Nxd4 0-0 10. Nxc6 Qxc6 11. Rc1 Re8 12. Bd4 Qd6 13. Be2 b6 14. Bf3 Ne4 15. 0-0 Bf5 16. Qa4 c5 17. Bc3 Qe7 18. Bxe4 Bxe4 19. Rcd1 Qe6 20. b3 b5 21. Qxb5 Bxg2 22. Kxg2 Qg4+ 23. Kh1 Qf3+ 24. Kg1 Qg4+ 25. Kh1 Qf3+ 26. Kg1 Re4 27. Rfe1 h5 28. h3 Qxh3 29. f4 Rxe3 30. Rxe3 Qxe3+ 31. Kg2 Qxc3 32. Qe2 g6 33. f5 Rf8 34. Rd6 Kh7 35. Qe7 Qb2+ 36. Kh3 Qc3+ 37. Kg2 Qg7 38. f6 Qh6 39. Rd7 Qg5+ 40. Kh2 Kg8 41. Qxf8+ 1-0

[Event "Benasque op 43rd"]
[Site "Benasque"]
[Date "2024.07.10"]
[Round "6"]
[White "Marrero Rodriguez, Jorge"]
[Black "Rakshith, Srinivasan"]
[Result "1/2-1/2"]
[WhiteElo "2219"]
[BlackElo "1989"]
[PlyCount "124"]
[EventDate "2024.07.05"]
[EventType "swiss"]
[EventRounds "10"]
[EventCountry "ESP"]
[SourceTitle "CBM 221 Extra"]
[Source "ChessBase"]
[SourceDate "2024.09.30"]
[SourceVersion "1"]
[SourceVersionDate "2024.09.30"]
[SourceQuality "1"]

1. d4 Nf6 2. c4 g6 3. Nc3 Bg7 4. e4 d6 5. Nf3 0-0 6. Be2 e5 7. Be3 Ng4 8. Bg5 f6 9. Bc1 Qe8 10. 0-0 c6 11. c5 dxc5 12. dxc5 Qe7 13. Nd2 Nh6 14. b4 a5 15. bxa5 Be6 16. Nc4 Nf7 17. Rb1 Rd8 18. Qb3 Rd7 19. Rd1 Rxd1+ 20. Qxd1 Qxc5 21. Na4 Qe7 22. Ba3 Qc7 23. Nc5 Bc8 24. Qb3 Bf8 25. Nxb7 Bxa3 26. Nxa3 Kg7 27. Nc4 Nd7 28. Qb4 Kg8 29. h3 Nf8 30. Qb6 Qxb7 31. Qxb7 Bxb7 32. Rxb7 Ne6 33. Rb6 Kf8 34. a6 Nfd8 35. Na5 Nd4 36. Bc4 Ke7 37. Nb7 N8e6 38. Kh2 Kd7 39. Na5 Nd8 40. Rb2 Kc7 41. Kg3 Rb8 42. Rxb8 Kxb8 43. f4 Ka7 44. fxe5 fxe5 45. Kg4 h6 46. h4 Kb6 47. Nb3 N4e6 48. h5 gxh5+ 49. Kxh5 Nf4+ 50. Kxh6 Nxg2 51. Kg5 Ne3 52. Bd3 Ne6+ 53. Kf6 Nf4 54. Nc1 Nxd3 55. Nxd3 Kxa6 56. Kxe5 Kb5 57. Kd6 Kc4 58. Kxc6 Kxd3 59. a4 Kxe4 60. a5 Nd5 61. a6 Nb4+ 62. Kb6 Nxa6 1/2-1/2

[Event "Benasque op 43rd"]
[Site "Benasque"]
[Date "2024.07.08"]
[Round "4"]
[White "Marrero Rodriguez, Jorge"]
[Black "Ramirez Maillo, Cristian"]
[Result "1/2-1/2"]
[WhiteElo "2219"]
[BlackElo "1975"]
[PlyCount "85"]
[EventDate "2024.07.05"]
[EventType "swiss"]
[EventRounds "10"]
[EventCountry "ESP"]
[SourceTitle "CBM 221 Extra"]
[Source "ChessBase"]
[SourceDate "2024.09.30"]
[SourceVersion "1"]
[SourceVersionDate "2024.09.30"]
[SourceQuality "1"]

1. d4 Nf6 2. c4 g6 3. Nc3 Bg7 4. e4 d6 5. Nf3 0-0 6. Be2 Nbd7 7. 0-0 e5 8. Be3 Qe7 9. Qc2 c6 10. d5 c5 11. Ne1 Kh8 12. g4 Ng8 13. Qd2 f5 14. gxf5 gxf5 15. f3 f4 16. Bf2 Rf6 17. Nd3 Rh6 18. Bd1 Ndf6 19. Kh1 Qd7 20. Be1 Ne7 21. Rg1 Ng6 22. Qf2 Nh5 23. Qf1 Bf6 24. Rc1 Qe7 25. Ne2 Bd7 26. Nf2 Nh4 27. Ng4 Rg6 28. Nxf6 Rxg1+ 29. Nxg1 Qxf6 30. Qf2 Ng6 31. Bc2 Rg8 32. Bd3 Qg5 33. Ne2 Nh4 34. Bd2 Bh3 35. Rg1 Bg2+ 36. Rxg2 Nxg2 37. Ng1 Ne3 38. Nh3 Qh6 39. Qh4 Ng2 40. Qe7 Nf6 41. Qxd6 Qg6 42. Qxe5 Nh4 43. Qxf6+ 1/2-1/2

[Event "Vecindario Montalvo Memorial 16th"]
[Site "Vecindario"]
[Date "2024.03.31"]
[Round "9"]
[White "Marrero Rodriguez, Jorge"]
[Black "Quiceno Ramirez, Edwin Alejandro"]
[Result "1-0"]
[WhiteElo "2177"]
[BlackElo "1888"]
[PlyCount "67"]
[EventDate "2024.03.23"]
[EventType "swiss"]
[EventRounds "9"]
[EventCountry "ESP"]
[SourceTitle "CBM 219 Extra"]
[Source "ChessBase"]
[SourceDate "2024.05.31"]
[SourceVersion "1"]
[SourceVersionDate "2024.05.31"]
[SourceQuality "1"]

1. d4 d5 2. c4 dxc4 3. Nf3 Nf6 4. e3 e6 5. Bxc4 c5 6. 0-0 a6 7. Re1 b5 8. Bf1 Bb7 9. a4 b4 10. b3 Nbd7 11. Bb2 Be7 12. Nbd2 0-0 13. Rc1 Rc8 14. Bd3 h6 15. Qe2 a5 16. e4 cxd4 17. Rxc8 Qxc8 18. Nc4 Qa8 19. e5 Nh5 20. Bxd4 Nf4 21. Qe3 Nxd3 22. Qxd3 Bxf3 23. Qxf3 Qxf3 24. gxf3 Ra8 25. Rd1 Bc5 26. Be3 Ra7 27. Rxd7 Rxd7 28. Bxc5 Rd3 29. Nxa5 Rxf3 30. Bxb4 Rd3 31. Bd6 f6 32. b4 fxe5 33. Bxe5 Ra3 34. b5 1-0

[Event "Vecindario Montalvo Memorial 16th"]
[Site "Vecindario"]
[Date "2024.03.30"]
[Round "8"]
[White "Ramos Santana, Marcelino"]
[Black "Marrero Rodriguez, Jorge"]
[Result "1/2-1/2"]
[WhiteElo "1897"]
[BlackElo "2177"]
[PlyCount "89"]
[EventDate "2024.03.23"]
[EventType "swiss"]
[EventRounds "9"]
[EventCountry "ESP"]
[SourceTitle "CBM 219 Extra"]
[Source "ChessBase"]
[SourceDate "2024.05.31"]
[SourceVersion "1"]
[SourceVersionDate "2024.05.31"]
[SourceQuality "1"]

1. e4 e5 2. Nf3 Nc6 3. Bb5 Nge7 4. c3 d5 5. 0-0 dxe4 6. Nxe5 Qd5 7. Nxc6 Qxb5 8. Nd4 Qd5 9. f3 f5 10. fxe4 fxe4 11. d3 exd3 12. Qf3 Bd7 13. b4 Qxf3 14. Rxf3 a5 15. b5 0-0-0 16. Rxd3 Bxb5 17. Rf3 Nc6 18. Be3 Nxd4 19. cxd4 c5 20. d5 Bc4 21. Nc3 Bxd5 22. Rf5 Bc6 23. Bxc5 Bxc5+ 24. Rxc5 Rd2 25. Rg5 g6 26. a4 Rhd8 27. h3 Rc2 28. Nb5 Kb8 29. Ra3 Rdd2 30. Rag3 b6 31. Kh2 Be4 32. h4 h5 33. Rxg6 Bxg6 34. Rxg6 Kb7 35. Rg7+ Kc8 36. Rg6 Kd7 37. Kh3 Rd3+ 38. Kh2 Rc4 39. Rxb6 Rxh4+ 40. Kg1 Rxa4 41. Rh6 h4 42. Kh2 Rb4 43. Na7 h3 44. Nc6 hxg2 45. Ne5+ 1/2-1/2

[Event "Vecindario Montalvo Memorial 16th"]
[Site "Vecindario"]
[Date "2024.03.29"]
[Round "7"]
[White "Marrero Rodriguez, Jorge"]
[Black "Perez Guerra, Raul"]
[Result "0-1"]
[WhiteElo "2177"]
[BlackElo "2250"]
[PlyCount "58"]
[EventDate "2024.03.23"]
[EventType "swiss"]
[EventRounds "9"]
[EventCountry "ESP"]
[SourceTitle "CBM 219 Extra"]
[Source "ChessBase"]
[SourceDate "2024.05.31"]
[SourceVersion "1"]
[SourceVersionDate "2024.05.31"]
[SourceQuality "1"]

1. e4 c5 2. Nf3 d6 3. d4 cxd4 4. Nxd4 Nf6 5. Nc3 a6 6. Be3 e6 7. a3 Qc7 8. g4 d5 9. exd5 Nxd5 10. Nxd5 exd5 11. Qf3 Qa5+ 12. Bd2 Qb6 13. Bc3 Be7 14. 0-0-0 0-0 15. Qxd5 Bf6 16. Bc4 Nc6 17. g5 Be6 18. Nxe6 Bxc3 19. bxc3 fxe6 20. Qxe6+ Kh8 21. Rd7 Qc5 22. g6 Ne5 23. Qh3 Nxg6 24. Bb3 Qxa3+ 25. Kb1 Rae8 26. Bf7 Re5 27. Rd5 Nf4 28. Qd7 Rxd5 29. Qe7 Qxe7 0-1

[Event "Gran Canaria Vecindario op 1st"]
[Site "Gran Canaria"]
[Date "2023.11.05"]
[Round "8"]
[White "Marrero Rodriguez, Jorge"]
[Black "Martinez Gonzalez, Miguel Angel"]
[Result "1-0"]
[WhiteElo "2006"]
[BlackElo "1723"]
[PlyCount "49"]
[EventDate "2023.11.04"]
[EventType "swiss"]
[EventRounds "9"]
[EventCountry "ESP"]
[SourceTitle "CBM 217 Extra"]
[Source "ChessBase"]
[SourceDate "2024.01.31"]
[SourceVersion "1"]
[SourceVersionDate "2024.01.31"]
[SourceQuality "1"]

1. e4 e5 2. Nf3 d6 3. d4 Nd7 4. Bc4 c6 5. 0-0 Be7 6. a4 Ngf6 7. Nc3 0-0 8. h3 Qc7 9. Re1 h6 10. Bb3 Re8 11. dxe5 dxe5 12. Nh4 Nf8 13. Qf3 Be6 14. Nf5 Bxb3 15. cxb3 Ne6 16. Be3 Nh7 17. Rac1 Qa5 18. Rcd1 Rad8 19. Rxd8 Qxd8 20. Rd1 Qc7 21. Bxh6 gxh6 22. Nxh6+ Kh8 23. Qxf7 Ng7 24. Nf5 Bd8 25. Rd7 1-0

[Event "ESP-ch U16 rapid"]
[Site "Salobrena"]
[Date "2023.07.30"]
[Round "6"]
[White "Fernandez Rosado, Roberto"]
[Black "Marrero Rodriguez, Jorge"]
[Result "0-1"]
[WhiteElo "2096"]
[BlackElo "1974"]
[PlyCount "100"]
[EventDate "2023.07.29"]
[EventType "swiss (rapid)"]
[EventRounds "9"]
[EventCountry "ESP"]
[SourceTitle "EXT 2024"]
[Source "ChessBase"]
[SourceDate "2023.10.10"]
[SourceVersion "1"]
[SourceVersionDate "2023.10.10"]
[SourceQuality "1"]

1. e4 e5 2. Nf3 Nc6 3. Bb5 Nge7 4. c3 d5 5. Qe2 a6 6. Ba4 dxe4 7. Qxe4 b5 8. Bb3 Bf5 9. Qe3 Nd5 10. Bxd5 Qxd5 11. d4 0-0-0 12. 0-0 exd4 13. cxd4 Nxd4 14. Nxd4 Qxd4 15. Qg5 Qg4 16. Qe3 Qe4 17. Qa7 Qc6 18. Be3 Qb7 19. Qxb7+ Kxb7 20. Nd2 Bd6 21. a4 c6 22. Nb3 Bb4 23. Bc5 Bxc5 24. Nxc5+ Kb6 25. b4 a5 26. axb5 axb4 27. Rfc1 Ra8 28. Rxa8 Rxa8 29. bxc6 Kxc6 30. Nd3+ Kb5 31. Nb2 Ra2 32. Nd1 b3 33. Nc3+ Kb4 34. f3 Rc2 35. Rxc2 bxc2 36. Ne2 Kb3 37. g4 Be6 38. Kf2 Kb2 39. Ke3 c1Q+ 40. Nxc1 Kxc1 41. h3 Kc2 42. f4 g6 43. Kd4 h5 44. f5 Bc8 45. Ke5 hxg4 46. hxg4 gxf5 47. g5 Kd3 48. Kf6 Ke4 49. Kxf7 Ba6 50. g6 f4 0-1

[Event "ESP-ch U16 rapid"]
[Site "Salobrena"]
[Date "2023.07.30"]
[Round "9"]
[White "Marrero Rodriguez, Jorge"]
[Black "Ermachenko, Manuel"]
[Result "0-1"]
[WhiteElo "1974"]
[BlackElo "1993"]
[PlyCount "80"]
[EventDate "2023.07.29"]
[EventType "swiss (rapid)"]
[EventRounds "9"]
[EventCountry "ESP"]
[SourceTitle "EXT 2024"]
[Source "ChessBase"]
[SourceDate "2023.10.10"]
[SourceVersion "1"]
[SourceVersionDate "2023.10.10"]
[SourceQuality "1"]

1. e4 c5 2. Nf3 e6 3. d4 cxd4 4. Nxd4 Nc6 5. Nc3 Qc7 6. Be3 a6 7. Qf3 Nf6 8. 0-0-0 Bb4 9. Nxc6 dxc6 10. Bd4 e5 11. Qg3 Ng4 12. h3 Qa5 13. hxg4 exd4 14. Rxd4 Be6 15. a3 Bc5 16. Rd1 b5 17. Qe5 b4 18. axb4 Be3+ 19. fxe3 Qxe5 20. Be2 0-0 21. Rh5 Qf6 22. e5 Qe7 23. Rdh1 f5 24. exf6 gxf6 25. Bd3 Rf7 26. Ne4 Bd5 27. Nd2 Rg7 28. e4 Be6 29. e5 Bxg4 30. exf6 Qxf6 31. Bxh7+ Rxh7 32. Rxh7 Re8 33. R7h2 Re2 34. Rf1 Rxd2 35. Re1 Rd8 36. Rhh1 Qf4+ 37. Kb1 Bf5 38. Rhf1 Qxb4 39. Re5 Bxc2+ 40. Kc1 Qd2# 0-1

[Event "ESP-ch U16 rapid"]
[Site "Salobrena"]
[Date "2023.07.29"]
[Round "2"]
[White "Moll Pons, Jana"]
[Black "Marrero Rodriguez, Jorge"]
[Result "0-1"]
[WhiteElo "1658"]
[BlackElo "1974"]
[PlyCount "86"]
[EventDate "2023.07.29"]
[EventType "swiss (rapid)"]
[EventRounds "9"]
[EventCountry "ESP"]
[SourceTitle "EXT 2024"]
[Source "ChessBase"]
[SourceDate "2023.10.10"]
[SourceVersion "1"]
[SourceVersionDate "2023.10.10"]
[SourceQuality "1"]

1. e4 c6 2. d4 d5 3. e5 Bf5 4. h4 h5 5. Bd3 Bxd3 6. Qxd3 Qa5+ 7. Nd2 Qa6 8. c4 e6 9. Ngf3 Bb4 10. b3 Ne7 11. 0-0 Nd7 12. a3 Nf5 13. g3 Be7 14. Nb1 Rc8 15. Bg5 Bxg5 16. Nxg5 dxc4 17. bxc4 Nb6 18. Nd2 Rd8 19. Ngf3 0-0 20. Rfc1 c5 21. Nb3 cxd4 22. Nc5 Qa5 23. Nxb7 Qa6 24. Nxd8 Rxd8 25. Nd2 Na4 26. Ne4 Qc6 27. Rab1 Qc7 28. Rb4 Nc5 29. Nxc5 Qxc5 30. Rb5 Qc6 31. Rcb1 Kh7 32. Rb7 Rd7 33. Rxd7 Qxd7 34. c5 Qd5 35. Rc1 Qxe5 36. c6 Qc7 37. Qb1 Kg6 38. Qb7 Qd6 39. c7 Ne7 40. c8Q Nxc8 41. Qxc8 Qxa3 42. Qc2+ f5 43. Qe2 Qxc1+ 0-1

[Event "Gran Canaria-ch U20"]
[Site "Vecindario"]
[Date "2023.04.14"]
[Round "2.2"]
[White "Marrero Rodriguez, Jorge"]
[Black "Yuan, Ying Jie"]
[Result "1-0"]
[WhiteElo "1958"]
[BlackElo "1554"]
[PlyCount "35"]
[EventDate "2023.04.12"]
[EventType "swiss"]
[EventRounds "7"]
[EventCountry "ESP"]
[SourceTitle "EXT 2024"]
[Source "ChessBase"]
[SourceDate "2023.10.10"]
[SourceVersion "1"]
[SourceVersionDate "2023.10.10"]
[SourceQuality "1"]

1. e4 e5 2. Nf3 Nc6 3. Bb5 a6 4. Ba4 b5 5. Bb3 Bb7 6. d4 exd4 7. 0-0 Be7 8. Nxd4 Nf6 9. Nf5 0-0 10. Nc3 Na5 11. e5 Ne8 12. Bd5 c6 13. Be4 Nc4 14. Bf4 d5 15. b3 Nxe5 16. Bxe5 dxe4 17. Qg4 f6 18. Rad1 1-0

[Event "Vecindario Montalvo Memorial 15th"]
[Site "Vecindario"]
[Date "2023.04.08"]
[Round "8"]
[White "Marrero Rodriguez, Jorge"]
[Black "Marrero Cardenes, Agustin"]
[Result "0-1"]
[WhiteElo "1958"]
[BlackElo "2069"]
[PlyCount "118"]
[EventDate "2023.04.02"]
[EventType "swiss"]
[EventRounds "9"]
[EventCountry "ESP"]
[SourceTitle "CBM 213 Extra"]
[Source "ChessBase"]
[SourceDate "2023.05.31"]
[SourceVersion "1"]
[SourceVersionDate "2023.05.31"]
[SourceQuality "1"]

1. e4 c6 2. d4 d5 3. exd5 cxd5 4. c4 Nf6 5. Nc3 e6 6. Nf3 Be7 7. cxd5 Nxd5 8. Bd3 0-0 9. 0-0 Nc6 10. Re1 Bf6 11. a3 b6 12. Qc2 Nxd4 13. Nxd4 Bxd4 14. Bxh7+ Kh8 15. Be4 Bb7 16. Qd1 Bxf2+ 17. Kxf2 Qh4+ 18. g3 Qxh2+ 19. Kf3 Nxc3 20. bxc3 Bxe4+ 21. Kxe4 Qxg3 22. Rh1+ Kg8 23. Qf3 Qg6+ 24. Ke3 Rad8 25. Kf2 Qc2+ 26. Qe2 Qxc3 27. Be3 Rd5 28. Raf1 Rfd8 29. Rh3 Rf5+ 30. Rf3 Rdd5 31. Kg2 Qf6 32. Qc2 Rxf3 33. Rxf3 Qd8 34. Rh3 Rf5 35. Qe4 Qd5 36. Qxd5 Rxd5 37. Bf2 g5 38. Rc3 Kg7 39. Kf3 Kg6 40. Be3 Ra5 41. Bc1 Rd5 42. Rc8 f6 43. Rc7 f5 44. Rxa7 e5 45. Rb7 b5 46. Rb8 e4+ 47. Ke2 f4 48. Rf8 e3 49. Kf3 Re5 50. Ke2 Rc5 51. Kd1 e2+ 52. Kxe2 Rxc1 53. Rb8 Rc5 54. Kf3 Rc3+ 55. Ke4 Rxa3 56. Rxb5 Re3+ 57. Kd4 Kh5 58. Rb1 Re8 59. Rg1 g4 0-1

[Event "Vecindario Montalvo Memorial 15th"]
[Site "Vecindario"]
[Date "2023.04.06"]
[Round "6"]
[White "Marrero Rodriguez, Jorge"]
[Black "Blanco Garcia Bajo, David"]
[Result "1-0"]
[WhiteElo "1958"]
[BlackElo "1686"]
[PlyCount "51"]
[EventDate "2023.04.02"]
[EventType "swiss"]
[EventRounds "9"]
[EventCountry "ESP"]
[SourceTitle "CBM 213 Extra"]
[Source "ChessBase"]
[SourceDate "2023.05.31"]
[SourceVersion "1"]
[SourceVersionDate "2023.05.31"]
[SourceQuality "1"]

1. e4 e6 2. d4 d5 3. exd5 exd5 4. Nf3 Nc6 5. Bb5 Bd6 6. c4 dxc4 7. 0-0 Nge7 8. h3 h6 9. Bxc4 Bf5 10. a3 a5 11. Nc3 Ng6 12. Qb3 0-0 13. Qxb7 Qf6 14. Nd5 Qe6 15. Qb3 Rab8 16. Qc3 Bxh3 17. Re1 Qg4 18. Bf1 Qh5 19. Qxc6 Bg4 20. Ne5 Nxe5 21. dxe5 Bxe5 22. Nf4 Qf5 23. Bd3 Qf6 24. Qe4 Rfe8 25. Qh7+ Kf8 26. Qh8+ 1-0

[Event "Vecindario Montalvo Memorial 15th"]
[Site "Vecindario"]
[Date "2023.04.02"]
[Round "2"]
[White "Marrero Rodriguez, Jorge"]
[Black "Rossello Padron, Carlos Eduardo"]
[Result "1-0"]
[WhiteElo "1958"]
[BlackElo "1635"]
[PlyCount "81"]
[EventDate "2023.04.02"]
[EventType "swiss"]
[EventRounds "9"]
[EventCountry "ESP"]
[SourceTitle "CBM 213 Extra"]
[Source "ChessBase"]
[SourceDate "2023.05.31"]
[SourceVersion "1"]
[SourceVersionDate "2023.05.31"]
[SourceQuality "1"]

1. e4 c5 2. Nf3 Nc6 3. Bb5 e6 4. Bxc6 dxc6 5. 0-0 Nf6 6. d3 Be7 7. e5 Nd5 8. Nbd2 0-0 9. Ne4 b6 10. Qe2 Ba6 11. c4 Nc7 12. Bg5 h6 13. Bxe7 Qxe7 14. Nfd2 Rad8 15. Nd6 f5 16. Rad1 Ne8 17. Nxe8 Rfxe8 18. f4 Qd7 19. Nf3 Qe7 20. Qe3 Rd7 21. Rf2 Bxc4 22. b3 Ba6 23. Rfd2 Red8 24. Ne1 Rd5 25. Qf3 g5 26. g3 Qg7 27. Rg2 g4 28. Qe3 Qd7 29. Rgd2 c4 30. bxc4 Bxc4 31. Nc2 c5 32. d4 Bxa2 33. Qa3 Bc4 34. Ne3 Rxd4 35. Rxd4 Qxd4 36. Rxd4 Rxd4 37. Nxc4 Rxc4 38. Qxa7 Rb4 39. Qe7 Rb2 40. Qxe6+ Kg7 41. Qf6+ 1-0